|
|
|
|
| LEADER |
00000nam0a2200000 4500 |
| 001 |
307626 |
| 005 |
20231102002019.0 |
| 035 |
|
|
|a (RuTPU)RU\TPU\book\332919
|
| 035 |
|
|
|a RU\TPU\book\80059
|
| 090 |
|
|
|a 307626
|
| 100 |
|
|
|a 20050317d1981 k y0rusy50 ca
|
| 101 |
0 |
|
|a rus
|
| 102 |
|
|
|a RU
|
| 105 |
|
|
|a y dm 001zy
|
| 200 |
1 |
|
|a Исследование метода радиационной дефектоскопии с использованием протонов средних энергий
|e автореферат диссертации на соискание ученой степени кандидата технических наук
|e спец. 05.02.11
|f А. Л. Лукин
|g Томский политехнический институт; науч. рук. Б. А. Кононов
|
| 210 |
|
|
|a Томск
|c [Б. и.]
|d 1981
|
| 215 |
|
|
|a 21 с.
|
| 300 |
|
|
|a Защита сост. 15.09.1981 г.
|
| 320 |
|
|
|a Библиогр.: с. 20-21 (9 назв.).
|
| 606 |
1 |
|
|a Дефектоскопия радиационная
|2 stltpush
|3 (RuTPU)RU\TPU\subj\9377
|9 36636
|
| 610 |
1 |
|
|a протонная радиография
|
| 610 |
1 |
|
|a методы
|
| 610 |
1 |
|
|a протоны
|
| 610 |
1 |
|
|a прохождение через вещество
|
| 610 |
1 |
|
|a рассеяние
|
| 610 |
1 |
|
|a протонные радиограммы
|
| 610 |
1 |
|
|a получение
|
| 610 |
1 |
|
|a детекторы
|
| 610 |
1 |
|
|a авторефераты диссертаций
|
| 610 |
1 |
|
|a труды учёных ТПУ
|
| 675 |
|
|
|a 620.179.152(04)
|v 4
|
| 686 |
|
|
|a 05.02.11
|2 oksvnk
|
| 700 |
|
1 |
|a Лукин
|b А. Л.
|g Анатолий Леонтьевич
|
| 702 |
|
1 |
|a Кононов
|b Б. А.
|c физик
|c Заслуженный профессор Томского политехнического университета
|f 1930-
|g Борис Александрович
|2 stltpush
|3 (RuTPU)RU\TPU\pers\19802
|4 727
|
| 712 |
0 |
2 |
|a Томский политехнический институт
|2 stltpush
|3 (RuTPU)RU\TPU\col\1123
|
| 801 |
|
1 |
|a RU
|b 63413507
|c 20151022
|
| 801 |
|
2 |
|a RU
|b 63413507
|c 20190718
|g RCR
|
| 942 |
|
|
|c BK
|